Central Library OPAC University of Rajshahi
Normal view MARC view

Entry Topical Term

Number of records used in: 6

001 - CONTROL NUMBER

  • control field: 2049

003 - CONTROL NUMBER IDENTIFIER

  • control field: BD-RjUL

005 - DATE AND TIME OF LATEST TRANSACTION

  • control field: 20220324163349.0

008 - FIXED-LENGTH DATA ELEMENTS

  • fixed length control field: 220324|| aca||aabn | a|a d

040 ## - CATALOGING SOURCE

  • Original cataloging agency: BD-RjUL
  • Transcribing agency: BD-RjUL

150 ## - HEADING--TOPICAL TERM

  • Topical term or geographic name entry element: লোকশাসন

670 ## - SOURCE DATA FOUND

  • Source citation: Work cat.: (BD-RjUL)79613: ভূঁইয়া, মোহাম্মদ আবদুল ওদুদ 2048, লোক প্রশাসনের রুপরেখা / , ১৯৯৮ [পুনর্মুদ্রণ ২০০০]